| 000 | 00936nas a2200301 4500 | ||
|---|---|---|---|
| 001 | BR0500303 | ||
| 003 | BR-BrBNA | ||
| 005 | 20231205105112.0 | ||
| 007 | ta | ||
| 008 | 230509b bl.|||p| |||| 00| 00por d | ||
| 040 |
_aBR-BrBNA _bpor _cBiblioteca Nacional de Agricultura |
||
| 041 | _a(Pt) | ||
| 072 | _aF30; H20 | ||
| 100 | 1 | _aNegreiros, J.R. da S. | |
| 100 | 1 | _aBruckner, C.H. | |
| 100 | 1 | _aCruz, C.D. | |
| 100 | 1 | _aSiqueira, D.L. de | |
| 100 | 1 | _aPimentel, L.D. | |
| 245 | 1 | _aSeleção de progênies de maracujazeiro-amarelo vigorosas e resistentes à verrugose (Cladosporium cladosporioides) | |
| 650 | _aMARACUJÁ | ||
| 650 | _aVARIEDADE RESISTENTE | ||
| 650 | _aVERRUGOSE | ||
| 650 | _aFUNGO | ||
| 650 | _aMINAS GERAIS | ||
| 773 | 0 |
_tRevista Brasileira de Fruticultura (Brazil) _xISSN 0100-2945 _g(Aug 2004), v. 26(2) p. 272-275 _wBR0500303 |
|
| 909 |
_a202311 _bLúcia _c55 _dLúcia Elande |
||
| 942 |
_2AGRIS _n0 _cANA |
||
| 999 |
_c181248 _d181248 |
||